Introducción metódica a la gramática generativa

Salvato in:
Dettagli Bibliografici
Autore principale: Nique, Christian (autor)
Natura: Libro
Lingua:spagnolo
Pubblicazione: Madrid Cátedra 1985
Edizione:6a. ed
Soggetti:
Tags: Aggiungi Tag
Nessun Tag, puoi essere il primo ad aggiungerne!!

MARC

LEADER 00000nam a2200000 a 4500
001 UCQ5475
003 CL-VaPUC
008 980925e19850000SP |||||||||||||||||spa|d
082 0 4 |a 415  |b NIQ  |2 21 
100 |a Nique, Christian  |e autor  |9 469010 
245 1 0 |a Introducción metódica a la gramática generativa 
250 |a 6a. ed 
300 |a 222 p 
942 |c BK 
945 |d 19980925 00:00:00  |a lriquelm 
260 |a Madrid  |b Cátedra  |c 1985 
650 0 |a Gramática generativa  |9 313182 
650 0 |a Gramática  |9 270497 
650 0 |a Morfología  |9 334440 
650 7 |a LINGUISTICA DESCRIPTIVA  |2 CL-VaPUC  |9 419578 
650 7 |a TEORIA LINGUISTICA  |2 CL-VaPUC  |9 334835 
650 0 |a Semántica  |9 265318 
583 |a last modification  |c 19980925 00:00:00  |k Rodrigo Vera 
999 |c 275685  |d 275683 
952 |0 0  |1 0  |4 0  |6 415_000000000000000_NIQ_1985  |7 0  |8 A  |9 312489  |a FDOPOS  |b FDOPOS  |d 2019-11-20  |i 1471597  |o 415 NIQ 1985  |p 1471597  |r 2025-01-22  |w 2019-11-20  |y BK  |k MLA